000
00295nam a2200109Ia 4500
005
20251222114340.0
008
251222s1900||||xx |||||||||||||| ||spa||
082
_a
DVD0092/S25B/2006
245
0
_a
Basílica del Santo Rosario de Lima.
264
_b
Christian Castillejo. Raúl Salas D.
942
_c
DVD
999
_c
818
_d
818